000
00187 a2200097 4500
001
25207
100
_a
Hall, W
245
_a
Sound
260
_a
_b
Edward Arnold
_c
090
_c
16978
_d
16978
942
_a
NUST-CAE
_c
M
_c
7755
999
_c
260280
_d
260280